000 00368nam a2200133Ia 4500
008 151001s9999||||xx |||||||||||||| ||und||
100 _aवा शि आपटे
245 _aवि.स.खांडेकर ओळख व अभ्यास
250 _a1
260 _bश्री गणराज
260 _c1976
300 _a92
365 _b18
999 _c974189
_d974186